Photonics of quantum-dot nanomaterials and devices (Record no. 239313)
[ view plain ]
| 000 -LEADER | |
|---|---|
| fixed length control field | 01910nam a2200337 a 4500 |
| 100 1# - MAIN ENTRY--AUTHOR NAME | |
| Personal name | Hess, Ortwin, |
| 245 10 - TITLE STATEMENT | |
| Title | Photonics of quantum-dot nanomaterials and devices |
| 260 ## - PUBLICATION, DISTRIBUTION, ETC. (IMPRINT) | |
| Place of publication | London : |
| Name of publisher | Imperial College Press ; |
| Place of publication | Singapore ; |
| -- | Hackensack, N.J. : |
| Name of publisher | World Scientific Pub. [distributor], |
| Year of publication | c2012. |
| 300 ## - PHYSICAL DESCRIPTION | |
| Number of Pages | x, 171 p. : |
| Other physical details | ill. |
| 505 0# - FORMATTED CONTENTS NOTE | |
| Formatted contents note | Introduction to photonic quantum dot nanomaterials and devices -- Theory of quantum dot light-matter dynamics -- Light meets matter I : microscopic carrier effects and fundamental light-matter interaction -- Light meets matter II : mesoscopic space-time dynamics -- Performance and characterisation : properties on large time and length scales -- Nonlinear pulse propagation in semiconductor quantum dot lasers -- High-speed dynamics -- Quantum dot random lasers -- Coherence properties of quantum dot micro-cavity lasers. |
| 650 #0 - SUBJECT ADDED ENTRY--TOPICAL TERM | |
| Topical Term | Quantum dots |
| Topical Term | Nanophotonics |
| 700 1# - ADDED ENTRY--PERSONAL NAME | |
| Personal name | Gehrig, Edeltraud, |
| 856 40 - ELECTRONIC LOCATION AND ACCESS | |
| Uniform Resource Identifier | http://site.ebrary.com/lib/rucke/Doc?id=10524624 |
No items available.
